Vplyv intelektuálneho kapitálu na vytváranie trhovej hodnoty organizácie Energobyt spol. s.r.o. Humenné bakalárska práca

Saved in:
Bibliographic Details
Main Author: Harakaľ, Dávid
Corporate Author: Podnikovohospodárska fakulta EU so sídlom v Košiciach. Katedra manažmentu
Other Authors: Dugas, Jaroslav, 1967-
Format: Book
Language:Slovak
Published: Košice 2010
Tags: Add Tag
No Tags, Be the first to tag this record!

MARC

LEADER 00000nbm a2200000 4500
001 0132851
005 20161109111448.1
041 0 |a slo 
044 |a SK 
245 1 0 |a Vplyv intelektuálneho kapitálu na vytváranie trhovej hodnoty organizácie Energobyt spol. s.r.o. Humenné  |b bakalárska práca  |c Dávid Harakaľ ; školiteľ: Jaroslav Dugas 
264 1 |a Košice  |c 2010 
300 |a 59 s. 
100 1 |a Harakaľ, Dávid 
700 1 |a Dugas, Jaroslav, 1967- 
710 2 |a Podnikovohospodárska fakulta EU so sídlom v Košiciach. Katedra manažmentu